La casa misteriosa / (Record no. 194784)

MARC details
000 -LEADER
campo de control de longitud fija 01314nam a2200373 i 4500
001 - NÚMERO DE CONTROL
campo de control 194784
003 - IDENTIFICADOR DE NÚMERO DE CONTROL
campo de control SpMaBN
005 - FECHA Y HORA DE LA ÚLTIMA TRANSACCIÓN
campo de control 20240527162040.0
007 - CAMPO FIJO DE DESCRIPCIÓN FÍSICA--INFORMACIÓN GENERAL
campo de control de longitud fija ta
008 - DATOS DE LONGITUD FIJA--INFORMACIÓN GENERAL
campo de control de longitud fija 240516q19401944sp j spa
016 7# - NÚMERO DE CONTROL DE UNA AGENCIA BIBLIOGRÁFICA NACIONAL
Número de control del registro bimoBNE19981146888bimo0000870899
Fuente SpMaBN
035 ## - NÚMERO DE CONTROL DEL SISTEMA
Número de control de sistema IND9200311976
035 ## - NÚMERO DE CONTROL DEL SISTEMA
Número de control de sistema bimo0000870898
035 ## - NÚMERO DE CONTROL DEL SISTEMA
Número de control de sistema (OCoLC)733562732
040 ## - FUENTE DE CATALOGACIÓN
Centro catalogador/agencia de origen SpMaBN
Lengua de catalogación spa
Centro/agencia transcriptor A2
Centro/agencia modificador SpMaBN
Normas de descripción ES-MaACL
080 ## - NÚMERO DE LA CLASIFICACIÓN DECIMAL UNIVERSAL
Número de la Clasificación Decimal Universal 821.133.1-32"18"
100 0# - ENTRADA PRINCIPAL--NOMBRE DE PERSONA
Nombre de persona Féval, Paul,
Fechas asociadas al nombre 1816-1887
Número de control del registro de autoridad o número normalizado XX829076
9 (RLIN) 50646
245 13 - MENCIÓN DEL TÍTULO
Título La casa misteriosa /
Mención de responsabilidad, etc. Paul Feval.
260 ## - PUBLICACIÓN, DISTRIBUCIÓN, ETC.
Lugar de publicación, distribución, etc. Madrid :
Nombre del editor, distribuidor, etc. Dédalo,
Fecha de publicación, distribución, etc. [entre 1940 y 1944]
300 ## - DESCRIPCIÓN FÍSICA
Extensión 16 p. ;
Dimensiones 29 cm
336 ## - TIPO DE CONTENIDO
Fuente rdacontent
Término de tipo de contenido texto
337 ## - TIPO DE MEDIO
Fuente rdamedia
Nombre/término del tipo de medio sin mediación
338 ## - TIPO DE SOPORTE
Fuente rdacarrier
Nombre/término del tipo de soporte volumen
490 1# - MENCIÓN DE SERIE
Mención de serie Novelas y cuentos
500 ## - NOTA GENERAL
Nota general Incluye otros relatos del autor
773 ## - ASIENTO DE ITEM FUENTE
Número bibliográfico anfitrión 194742
Número de ítem anfitrión 202381
Parte(s) relacionada(s) G-15981
Encabezamiento principal Obras encuadernadas juntas
830 ## - PUNTO DE ACCESO ADICIONAL DE SERIE-TÍTULO UNIFORME
9 (RLIN) 236505
Título uniforme Novelas y cuentos (Dédalo)
852 ## - LOCALIZACIÓN
Ubicación ES-MaACL
Ubicación en estantería Depósito 2
Número de control de estantería G-15981(6)
Donativo/Legado Legado: Juan Antonio Porto
Encuadernación Encuadernado con otras obras formando un volumen facticio
itemnumber 202381
903 ## - NOMBRE PERSONAL DE DONANTE
9 93285
a Porto, Juan Antonio,
d 1937-2021
e Donante
q 1
942 ## - ELEMENTOS DE ENTRADA SECUNDARIOS (KOHA)
Suprimir en OPAC No
Tipo de ítem Koha Folleto

No items available.